| 000 | 01419nam a22002057a 4500 | ||
|---|---|---|---|
| 003 | IT-MiCISF | ||
| 005 | 20240515141056.0 | ||
| 008 | 220829b ||||| |||| 00| 0 eng d | ||
| 040 | _cIT-MiCISF | ||
| 041 | _aIT | ||
| 100 |
_aBenanti Paolo _958630 |
||
| 245 |
_aTecnologia per l'uomo. _bCura e innovazione |
||
| 260 |
_aCinisello B. (MI), _bSan Paolo, _c2021 |
||
| 300 | _app. 143 | ||
| 500 | _anuovi-media, società, cambiamento, etica, chiesa, magistero | ||
| 520 | _aViviamo in una realtà immersa nella tecnologia, ma una comprensione sistematica di cosa sia la tecnologia non è semplice né banale. A ben guardare la nostra contemporaneità, si affacciano alla coscienza numerose e talvolta inquietanti domande. Che cosa significa essere umani in un'epoca di incomprensibile complessità tecnologica? Come gestire lo sviluppo? Quali sono i limiti da porre? E come far sì che tali limiti siano davvero rispettati? Affrontare tali interrogativi significa analizzare il presente e indirizzare l'innovazione verso un autentico sviluppo umano. Paolo Benanti, che nei suoi studi cerca di mettere a fuoco il significato etico e antropologico della tecnologia, prova a fare il punto su cosa si debba intendere quando si parla di tecnica e tecnologia e a presentare al lettore le domande che questi concetti sollevano nella nostra epoca. | ||
| 650 |
_amass-media _956139 |
||
| 654 | _asaggio | ||
| 942 |
_2ddc _cBK |
||
| 999 |
_c359441 _d359441 |
||